easy hazbin hotel quiz - Statistics

General Stats
  • This quiz has been taken 153 times
  • The average score is 19 of 21
Answer Stats
Picture Answer % Correct
alastor
99%
angel dust
98%
vaggie
98%
husk
97%
charlie morningstar
95%
adam
94%
lucifer morningstar
94%
cherri bomb
93%
emily
93%
valentino
93%
vox
93%
lute
92%
mimzy
92%
niffty
92%
sera
91%
velvette
91%
carmilla carmine
84%
rosie
83%
zestial
79%
lillith morningstar
71%
crymini
30%
No matching quizzes found
Score Distribution
Percent of People with Each Score
Percentile by Number Answered
Your Score History
You have not taken this quiz